| 000 | 00558nam a2200181Ia 4500 | ||
|---|---|---|---|
| 008 | 100920s9999 xx 000 0 und d | ||
| 082 |
_b100696 _a28 व 1 न 05 |
||
| 100 | _aPAI VAMANRAO. | ||
| 245 | _aJEEVAN VIDYA`S GUIDANCE TO STUDENT. | ||
| 260 |
_bJEEVAN VIDYA MISSION,MUMBAI. _c2005 |
||
| 300 |
_a96 _bसाधी |
||
| 365 | _b20 | ||
| 520 | _aबा.वि.इ.डी.यू. | ||
| 630 | _aJEEVAN VIDYA`S GUIDANCE TO STUDENT. | ||
| 650 | _aबा.वि.इ.डी.यू. | ||
| 730 | _aJEEVAN VIDYA`S GUIDANCE TO STUDENT. | ||
| 942 | _cBOOK | ||
| 999 |
_c741134 _d741131 |
||